La Gent gran a casa : anàlisi qualitativa dels recursos a la província de Barcelona anàlisi qualitativa dels recursos a la província de Barcelona
Descripción Física:
330 p. : il. ; 23'5 cm
Colección:
Col·lecció Serveis Socials ; 11
MARC
| LEADER | 00000nam a2200000Ia 4500 | ||
|---|---|---|---|
| 001 | 11498 | ||
| 008 | 160829s1996 xx 000 0 cat d | ||
| 080 | |a S-1-46 | ||
| 245 | |a La Gent gran a casa : |b anàlisi qualitativa dels recursos a la província de Barcelona | ||
| 260 | |a Barcelona : |b Diputació de Barcelona. Àrea de Serveis Socials, |c 1996 | ||
| 300 | |a 330 p. : |b il. ; |c 23'5 cm | ||
| 490 | |a Col·lecció Serveis Socials ; 11 | ||
| 650 | 0 | |a Persones grans |z Barcelona (Província) |x Serveis socials |9 22825 | |
| 650 | 0 | |a Persones grans |x Atenció domiciliària |z Barcelona (Catalunya : Província) |9 50379 | |
| 710 | |a Barcelona (Catalunya : Província). |b Àrea de Serveis Socials |9 53159 | ||
| 901 | |a Arxiu | ||
| 942 | |n 1 | ||
| 952 | |0 0 |1 0 |4 0 |6 S146 |7 1 |9 45633 |a Arxiu |b Arxiu |d 2016-12-01 |l 0 |o S-1-46 |p 11498 |r 2016-12-01 00:00:00 |w 2016-12-01 |y ARXIU | ||
| 999 | |c 49132 |d 49132 | ||